LEADER 01088cac0 22002771 450 001 SOBE00029552 005 20220706102031.0 100 $a20130109f0000 |||||ita|0103 ba 102 $aIT 110 $ab 200 1 $a<>testi 210 $aRoma$cEditori riuniti 801 0$aIT$bUNISOB$c20220706$gRICA 912 $aSOBE00029552 940 $aC 121 Collana SBN 941 $aC 996 $aTesti$9140952 997 $aUNISOB 998 \\$1001E600200055271$12001 $aLeopardi progressivo 998 \\$1001SOBE00029551$12001 $aMiseria della filosofia$erisposta alla "Filosofia della miseria" di Proudhon 998 \\$1001SOBE00051057$12001 $aRes gestae divi Augusti 998 \\$1001SOBE00057040$12001 $a<<1: Il >>cinema muto 998 \\$1001SOBE00057042$12001 $a<<2: Il >>cinema del regime$e1929-1945 998 \\$1001SOBE00057057$12001 $a<<3: >>Dal neorealismo al miracolo economico$e1945-1959 998 \\$1001SOBE00057059$12001 $a<<4: >>Dal miracolo economico agli anni novanta$e1960-1993 998 \\$1001SOBE00072707$12001 $a<>savio e il ribelle$eManzoni e Leopardi